Imiona Męskie Na ,,M,, - Statystyki

Ogólne statystyki
  • Ten quiz został rozwiązany 363 razy
  • Średni wynik to 9 z 17
Statystyki odpowiedzi
Imiona % Poprawnych
Marek
84%
Michał
82%
Mateusz
79%
Marcin
72%
Mariusz
72%
Mirosław
68%
Maciej
67%
Mikołaj
56%
Marian
54%
Mieczysław
53%
Miłosz
52%
Marcel
50%
Maks
41%
Maurycy
33%
Mieszko
18%
Makary
14%
Milan
12%
Nie znaleziono quizów pasujących do podanych kryteriów
Rozkład punktacji
Procent ludzi z każdym wynikiem
Percentyl według liczby udzielonych odpowiedzi
Twoja historia wyników
Nie rozwiązałeś tego quizu